| 000 | 00374nam a22001577a 4500 | ||
|---|---|---|---|
| 003 | macl | ||
| 005 | 20150524153452.0 | ||
| 008 | 150524b xxu||||| |||| 00| 0 eng d | ||
| 040 | _cmacl | ||
| 082 | _a300 | ||
| 100 |
_aTondon,Satish _932 |
||
| 245 | _aThe Structure of Hindu Society | ||
| 260 |
_aNew Delhi _bOmega _c2013 |
||
| 650 |
_aSocial Science _929 |
||
| 942 |
_2ddc _cBK |
||
| 999 |
_c49726 _d49726 |
||